01122nam a2200217 a 450000100060000000300080000600500170001400800410003103500190007204000270009104100080011808200250012610000450015124500730019626000530026930000340032250001660035650003040052250400530082665000250087972264BD-RJUL20211209082235.0170516s1954 ctuaf b 001 0 eng d a(BD-RJUL)72481 aBOScBOSdBD-RJULbeng aeng 223a548.83bJAO 19541 aJames, R. W.q(Reginald William),d1891-14aThe Optical Principles of the Diffraction of X-Rays /cby R.W. James aLondon :bG.Bell & Sons,c1948 [reprinted 1950]. axvi, 642 p. :bill. ;c23 cm. a"Originally published as The Crystalline State--Vol. II in 1948. Editor: Sir Lawrence Bragg. This reprint published in agreement with Bell & Hyman Ltd, England." a"When this book was reprinted in 1954 a fifth appendix, on the use of Fourier transforms in diffraction problems, was included. In the further reprint of 1962 a sixth appendix has been added, giving a brief account of the dynamical theories of absorption and energy propagation in perfect crystals." aIncludes bibliographical references and indexes. 0aX-raysxDiffraction.